Capitals missing two letters that make words - Statistics

General Stats
  • This quiz has been taken 46 times
  • The average score is 9 of 15
Answer Stats
Capital Missing letters Real capital % Correct
Russel Brussels
95%
Par Paris
90%
Mako Bamako
74%
Be Bern
64%
Rare Harare
59%
San Sana'a
59%
Name Niamey
56%
Tina Tirana
56%
Boot Bogota
54%
Auto Maputo
51%
Lion Lisbon
49%
Tis Tunis
49%
Land Luanda
44%
Man Amman
38%
Lap La Paz
15%
No matching quizzes found
Score Distribution
Percent of People with Each Score
Percentile by Number Answered
Your Score History
You have not taken this quiz